Změny reprodukčního chování v České republice a jeho důsledky

Stručná analýza demografických zmien v Českej republike. Výrazné zmeny v populačnom vývoji za posledných 20. rokov, spôsobené celkovou premenou spoločnosti.

Saved in:
Bibliographic Details
Main Author: Langhamrová, Jitka
Format: Book Chapter
Language:Czech
Subjects:
Tags: Add Tag
No Tags, Be the first to tag this record!

MARC

LEADER 00000naa a2200000 4500
001 0188980
005 20221020085228.7
041 0 |a cze 
044 |a CZ 
245 1 0 |a Změny reprodukčního chování v České republice a jeho důsledky  |c Jitka Langhamrová 
520 |a Stručná analýza demografických zmien v Českej republike. Výrazné zmeny v populačnom vývoji za posledných 20. rokov, spôsobené celkovou premenou spoločnosti. 
610 2 0 |a Česko 
610 2 0 |a vývoj populačný 
610 2 0 |a bilancia populačná 
610 2 0 |a ukazovatele demografické 
610 2 0 |a plodnosť 
610 2 0 |a pôrodnosť 
610 2 0 |a manželstvo 
100 1 |a Langhamrová, Jitka